CSKA Moscow Champions League XIs - Statistics

General Stats
  • This quiz has been taken 120 times
  • The average score is 13 of 55
Answer Stats
Answer % Correct
Igor Akinfeev
88%
Aleksei Berezutski
65%
Vasili Berezutski
65%
Vagner Love
57%
Mário Fernandes
56%
Seydou Doumbia
56%
Sergei Ignaschevich
53%
Yuri Zhirkov
48%
Ahmed Musa
46%
Aleksandr Golovin
46%
Alan Dzagoev
43%
Fedor Chalov
33%
Daniel Carvalho
30%
Miloš Krasić
30%
Sergei Semak
30%
Pontus Wernbloom
29%
26%
Keisuke Honda
26%
Nikola Vlašić
26%
Elvir Rahimić
24%
Zoran Tošić
24%
Viktor Vasin
23%
Kirill Nababkin
22%
Evgeni Aldonin
21%
Rolan Gusev
21%
Vitinho
21%
Deividas Šemberas
19%
Ivan Oblyakov
19%
Roman Eremenko
19%
Georgi Shchennikov
16%
Tomáš Necid
16%
Bibras Natkho
15%
Arnór Sigurðsson
14%
Georgi Milanov
14%
Ilzat Akhmetov
14%
Vladimir Gabulov
14%
Steven Zuber
12%
Lacina Traoré
11%
Nikita Chernov
10%
Rodrigo Becão
10%
Dmitri Bystrov
9%
Jiří Jarošík
9%
Jaka Bijol
7%
Dudu Cearense
6%
Yevgeni Bushmanov
6%
Denis Mashkarin
5%
Oleg Sergeev
5%
Valeri Minko
5%
Pavel Mamayev
4%
Ilshat Faizulin
3%
Oleg Malyukov
3%
Sergei Kolotovkin
3%
Yevgeni Plotnikov
2%
Yuri Antonovich
2%
Aleksei Gushin
1%
No matching quizzes found
Score Distribution
Percent of People with Each Score
Percentile by Number Answered
Your Score History
You have not taken this quiz